000 02649cam a22006254i 4500
003 PE-LiUPU
005 20250731180139.0
008 150706s2006 mx a rb 000 0 spa d
020 _a970105511X
020 _a9789701055113
035 _a(Sirsi) i9789701055113
040 _aPE-LiUPU
_bspa
_cPE-LiUPU
_dPE-LiUPU
_erda
049 _aPRUA
082 0 4 _a573.6
_bL36
_221
100 1 _aLedesma Solano, L. N. José ,
_eautor.
245 1 0 _aManual de fórmulas antropométricas /
_cL. n. José Ángel Ledesma Solano.
264 1 _aMéxico :
_bMcGraw-Hill Interamericana,
_c2006.
300 _a123 páginas :
_bilustraciones ;
_c19 centímetros
336 _atext
_2rdacontent
337 _aunmediated
_2rdamedia
338 _avolume
_2rdacarrier
504 _aIncluye bibliografía.
505 0 _aDeterminación del gasto energético -- Estimación de medidas antropométricas -- Determinación de la composición corporal -- Indicadores antropométricos -- Indicadores clínicos -- Indicadores bioquímicos -- Evaluación del estado de nutrición.
526 _aSEG44
526 _aSEG26
526 _aP159
526 _aP155
526 _aP154
526 _aP153
526 _aP150
526 _aP100
526 _aP31
526 _aP30
526 _aP26
526 _aP25
526 _aP24
526 _aP22
526 _aP15
526 _aP10
541 _g015-0010421;
541 _g015-0010421;
650 0 4 _aAntropometría
_vManuales, etc.
650 0 4 _aAntropometría
_xTablas.
650 0 4 _aNutrición
_xTablas.
650 0 4 _aPeso corporal
_xTablas.
700 1 _aPalafox López, María Elena.
910 _blch
_clch
_d20090609
942 _2ddc
_cBOOK
949 _a573.6 L36
_wDEWEY
_c1
_i59732
_d2015-10-21
_e2015-10-20
_lCCODEBUL1
_mBUL
_n1
_p40.00
_r0
_sY
_tBOOK
_u2015-7-6
_xSALUD
_PP22
_0COMPRA
_o.STAFF. Colección Ciencias de la Salud
949 _a573.6 L36
_wDEWEY
_c2
_i59731
_d2016-4-7
_e2016-4-7
_lCCODEBUL1
_mBUL
_n6
_p40.00
_r0
_sY
_tBOOK
_u2015-7-6
_xSALUD
_PP22
_0COMPRA
_o.STAFF. Colección General
994 _aC0
_bPEPRU
596 _a1
999 _a573.6 L36
_wDEWEY
_c49275
_i59732
_d49275
_e2017-8-13
_f2021-11-3
_g5
_lCCODEBUL1
_mBUL
_n2
_p40.00
_r0
_sY
_tBOOK
_u2015-7-6
_xSALUD
_zP22
_0COMPRA
_o.STAFF. Colección Ciencias de la Salud
999 _a573.6 L36
_wDEWEY
_c2
_i59731
_d2019-4-24
_e2016-4-7
_f2021-11-5
_g5
_lCCODEBUL1
_mBUL
_n6
_p40.00
_q1
_r0
_sY
_tBOOK
_u2015-7-6
_xBIBLIOTECA
_PP22
_0COMPRA
_o.STAFF. Colección Ciencias de la Salud
980 _81
_gALBERTO SANCHEZ Responsable de Automatización